Návrh používateľského rozhrania a modulu autentikácie pre fakultný intranet : Diplomová práca

Salvato in:
Dettagli Bibliografici
Autore principale: Müller, Norbert (Autore)
Altri autori: Vaský, Jozef, 1955- (xxx)
Natura: Manoscritto Libro
Lingua:slovacco
Pubblicazione: Trnava : STU v Bratislave MtF KAIA, 2001
Soggetti:
Tags: Aggiungi Tag
Nessun Tag, puoi essere il primo ad aggiungerne!!

MARC

LEADER 00000ntm a22000003a 4500
001 stu85552
005 20160719154817.3
008 040401s2001----xo------------------slo-d
040 |a STU  |b slo 
041 0 |a slo 
044 |a xo 
100 1 |a Müller, Norbert  |4 aut 
245 1 |a Návrh používateľského rozhrania a modulu autentikácie pre fakultný intranet :  |b Diplomová práca 
260 |a Trnava :  |b STU v Bratislave MtF KAIA,  |c 2001 
300 |a 71 s  |c príl 
650 7 |a aplikovaná informatika a automatizácia v priemysle  |2 stusub 
650 7 |a riadenie technologických procesov  |2 stusub 
700 1 |a Vaský, Jozef,  |d 1955-  |4 xxx  |u M6000  |U MTF Materiálovotechnologická fakulta  |T MTF Ústav aplikovanej informatiky, automatizácie a matematiky  |X 322  |U M6000  |Y 86  |7 A000000322 
996 |b 284M059246  |c M*DP-3897  |l MMSKP  |s P  |a 0  |w stu85552_0001